书目信息 |
| 题名: |
语病汇析
|
|
| 作者: | 郑文贞 著 | |
| 分册: | ||
| 出版信息: | 上海 上海教育出版社 1981 |
|
| 页数: | 292页 | |
| 开本: | 19cm | |
| 丛书名: | 语文知识丛书 | |
| 单 册: | ||
| 中图分类: | H193.6 | |
| 科图分类: | ||
| 主题词: | 汉语--语言教学 | |
| 电子资源: | ||
| ISBN: | ||
| 000 | 00657nam2 2200253 45 | |
| 001 | 0181009214 | |
| 005 | 20060726094035.64 | |
| 010 | @dCNY0.64 | |
| 091 | @b9150.44 | |
| 100 | @a19950510d1981 em y0chiy0121 ea | |
| 101 | 0 | @achi |
| 102 | @aCN@b310000 | |
| 105 | @ay z 000yy | |
| 200 | 10 | @a语病汇析@Ayu bing hui xi@f郑文贞著 |
| 210 | @a上海@c上海教育出版社@d1981 | |
| 215 | @a292页@d19cm | |
| 225 | 2 | @a语文知识丛书 |
| 410 | 0 | @120010@a语文知识丛书 |
| 606 | 0 | @a汉语@x语言教学 |
| 690 | @aH193.6 | |
| 701 | 0 | @a郑文贞@Azheng wen zhen@4著 |
| 801 | 2 | @aCN@bNLC@c20060726 |
| 801 | 0 | @aCN@b上海图书馆@c20040427 |
| 905 | @f5@b44898-902@dH193.6@e12 | |
| 语病汇析/郑文贞著.-上海:上海教育出版社,1981 |
| 292页;19cm.-(语文知识丛书) |
| ISBN :CNY0.64 |
| ● |
| 相关链接 |
|
|
|
|
正题名:语病汇析
索取号:H193.6/12
 
预约/预借
| 序号 | 登录号 | 条形码 | 馆藏地/架位号 | 状态 | 备注 |
| 1 | 0044896 | 001810393 | 密集书库/ [索取号:H193.6/12] | 在馆 | |
| 2 | 0044897 | 001810400 | 密集书库/ [索取号:H193.6/12] | 在馆 | |
| 3 | 0044898 | 000847711 | 第四借阅区/ [索取号:H193.6/12] | 在馆 | |
| 4 | 0044899 | 000848140 | 第四借阅区/ [索取号:H193.6/12] | 在馆 | |
| 5 | 0044900 | 000848104 | 第四借阅区/ [索取号:H193.6/12] | 在馆 | |
| 6 | 0044901 | 000847793 | 第四借阅区/ [索取号:H193.6/12] | 在馆 | |
| 7 | 0044902 | 000847757 | 第二样本阅览室/ [索取号:H193.6/12] | 在馆 | |
| 8 | 0044903 | 001922058 | 密集书库/ [索取号:H193.6/12] | 在馆 | |
| 9 | 0044904 | 001923627 | 密集书库/ [索取号:H193.6/12] | 在馆 | |
| 10 | 0044905 | 001776037 | 密集书库/ [索取号:H193.6/12] | 在馆 | |
| 11 | 0436372 | 204363722 | 密集书库/ [索取号:H193.6/12] | 在馆 |